[Event "2016 Redpath Mining Millionaire Chess Open"]
[Site "Venue: Old Ed’s Sports Complex, Houghton, Johannesburg"]
[Date "2016.07.16"]
[Round "6"]
[Board "18"]
[White "Correia, Adelino"]
[Black "Oosthuizen, Michal Jacobus"]
[Result "1-0"]
[WhiteElo "1649"]
[BlackElo "1357"]
[PlyCount "0"]
[EventDate "2016.07.13"]
[EventRounds "9"]
[EventCountry "RSA"]

1. e4 {[%clk 1:26:10]} c6 {[%clk 1:30:49]} 2. Nc3 {[%clk 1:26:12]} d5
{[%clk 1:30:25]} 3. d4 {[%clk 1:26:39]} dxe4 {[%clk 1:30:42]} 4. Nxe4
{[%clk 1:26:52]} Bf5 {[%clk 1:31:02]} 5. Ng3 {[%clk 1:27:19]} Bg6
{[%clk 1:31:26]} 6. f4 {[%clk 1:27:47]} h6 {[%clk 1:31:11]} 7. f5
{[%clk 1:27:24]} Bh7 {[%clk 1:31:22]} 8. Bc4 {[%clk 1:27:37]} Nf6
{[%clk 1:30:48]} 9. Nf3 {[%clk 1:28:06]} Nbd7 {[%clk 1:30:12]} 10. c3
{[%clk 1:28:32]} a5 {[%clk 1:27:40]} 11. Qb3 {[%clk 1:28:57]} Bg8
{[%clk 1:26:51]} 12. Qxb7 {[%clk 1:29:23]} c5 {[%clk 1:26:41]} 13. Bf4
{[%clk 1:29:18]} Rc8 {[%clk 1:24:58]} 14. Bb5 {[%clk 1:29:36]} e6
{[%clk 1:24:45]} 15. Ne5 {[%clk 1:29:59]} Rc7 {[%clk 1:24:08]} 16. Qb6
{[%clk 1:30:14]} Nd5 {[%clk 1:22:09]} 17. Bxd7+ {[%clk 1:29:19]} Rxd7
{[%clk 1:22:24]} 18. Qxd8+ {[%clk 1:29:46]} Rxd8 {[%clk 1:22:45]} 19. O-O
{[%clk 1:29:12]} Bd6 {[%clk 1:22:43]} 20. fxe6 {[%clk 1:29:29]} f6
{[%clk 1:20:39]} 21. Ng6 {[%clk 1:29:44]} Bxf4 {[%clk 1:20:41]} 22. Nxf4
{[%clk 1:30:10]} Ne3 {[%clk 1:21:01]} 23. Rf3 {[%clk 1:29:40]} cxd4
{[%clk 1:20:42]} 24. cxd4 {[%clk 1:30:07]} Nc2 {[%clk 1:21:06]} 25. Rd1
{[%clk 1:30:29]} Rxd4 {[%clk 1:20:57]} 26. Rxd4 {[%clk 1:30:50]} Nxd4
{[%clk 1:21:22]} 27. Re3 {[%clk 1:29:58]} Bh7 {[%clk 1:20:56]} 28. e7
{[%clk 1:30:18]} g5 {[%clk 1:20:59]} 29. Nd5 {[%clk 1:30:44]} Kf7
{[%clk 1:21:12]} 30. Nh5 {[%clk 1:31:09]} Nf5 {[%clk 1:20:27]} 31. Re1
{[%clk 1:30:40]} Nd6 {[%clk 1:18:50]} 32. Nhxf6 {[%clk 1:31:04]} Ne8
{[%clk 1:19:08]} 33. Rf1 {[%clk 1:28:43]} Ke6 {[%clk 1:19:13]} 34. Nxe8
{[%clk 1:28:59]} Rxe8 {[%clk 1:19:32]} 35. Nc7+ Kd7 {[%clk 1:19:52]} 36. Nxe8
{[%clk 1:29:24]} Kxe8 {[%clk 1:20:18]} 37. Re1 {[%clk 1:29:49]} Bg8
{[%clk 1:20:37]} 38. a3 {[%clk 1:30:15]} Bf7 {[%clk 1:20:58]} 39. b4
{[%clk 1:29:12]} axb4 {[%clk 1:21:17]} 40. axb4 {[%clk 1:29:41]} Bc4
{[%clk 1:21:39]} 41. Re5 {[%clk 1:29:08]} Ba6 {[%clk 1:21:22]} 42. Kf2
{[%clk 1:29:35]} Bc8 {[%clk 1:21:41]} 43. Ke3 {[%clk 1:29:22]} Bd7
{[%clk 1:22:01]} 44. Kd4 {[%clk 1:29:41]} Bc8 {[%clk 1:22:19]} 45. Kc5
{[%clk 1:30:03]} g4 {[%clk 1:22:42]} 46. Kd6 {[%clk 1:30:04]} g3 {[%clk 1:22:37]}
47. hxg3 {[%clk 1:30:32]} h5 {[%clk 1:23:00]} 48. Rxh5 {[%clk 1:30:38]} Kf7
{[%clk 1:23:02]} 49. Rh8 {[%clk 1:31:03]} Bd7 {[%clk 1:23:15]} 50. Kxd7
{[%clk 1:29:47]} Kf6 {[%clk 1:23:40]} 51. Kd6 {[%clk 1:30:01]} Kg7
{[%clk 1:24:04]} 52. Rf8 {[%clk 1:30:27]} Kh7 {[%clk 1:24:29]} 53. Ke6
{[%clk 1:29:37]} Kg7 {[%clk 1:24:53]} 54. Rf4 {[%clk 1:29:59]} Kh6
{[%clk 1:25:14]} 55. Kf6 {[%clk 1:30:22]} Kh7 {[%clk 1:25:39]} 56. Rg4
{[%clk 1:30:49]} Kh8 {[%clk 1:26:01]} 57. Kf7 {[%clk 1:31:14]} Kh7
{[%clk 1:26:29]} 58. Rh4# {[%clk 1:31:43]} 1-0

[Event "2016 Redpath Mining Millionaire Chess Open"]
[Site "Venue: Old Ed’s Sports Complex, Houghton, Johannesburg"]
[Date "2016.07.16"]
[Round "6"]
[Board "19"]
[White "Dykema, Joshua"]
[Black "Oberholzer, Marni"]
[Result "0-1"]
[WhiteElo "1472"]
[BlackElo "1643"]
[PlyCount "0"]
[EventDate "2016.07.13"]
[EventRounds "9"]
[EventCountry "RSA"]

1. d4 d5 2. c4 c6 3. cxd5 cxd5 4. Nc3 Nf6 5. Nf3 Nc6 6. e3 e6 7. Bd3 Bd6 8. O-O
O-O 9. a3 Re8 10. Qc2 e5 11. dxe5 Nxe5 12. Nxe5 Bxe5 13. Bd2 Be6 14. h3 Rc8 15.
Qd1 a5 16. Rc1 Qd7 17. Qf3 Red8 18. Rfd1 Bc7 19. e4 d4 20. Ne2 Bb3 21. Re1 Ba4
22. Bg5 Be5 23. Bxf6 Bxf6 24. e5 Rxc1 25. Rxc1 Bg5 26. Rf1 Bc6 27. Qh5 h6 28. f4
Be7 29. f5 Qd5 30. Nf4 Qxe5 31. Bc4 Qf6 32. Ng6 {[%clk 0:11:43]} Bd5
{[%clk 0:12:13]} 33. Nxe7+ {[%clk 0:11:29]} Qxe7 {[%clk 0:12:29]} 34. Bxd5
{[%clk 0:10:28]} Rxd5 {[%clk 0:12:41]} 35. Kh1 {[%clk 0:10:19]} Qf6
{[%clk 0:12:18]} 36. Qf3 {[%clk 0:10:26]} Rd7 {[%clk 0:12:15]} 37. g4 d3
{[%clk 0:11:14]} 38. Rd1 {[%clk 0:09:51]} Qxb2 0-1

[Event "2016 Redpath Mining Millionaire Chess Open"]
[Site "Venue: Old Ed’s Sports Complex, Houghton, Johannesburg"]
[Date "2016.07.16"]
[Round "6"]
[Board "20"]
[White "Grobbelaar, Jacqui"]
[Black "Smith, Elani"]
[Result "1-0"]
[WhiteElo "1550"]
[BlackElo "1168"]
[PlyCount "0"]
[EventDate "2016.07.13"]
[EventRounds "9"]
[EventCountry "RSA"]

1. e4 {[%clk 1:30:57]} c5 {[%clk 1:30:48]} 2. Nc3 {[%clk 1:31:24]} g6
{[%clk 1:30:58]} 3. Bc4 {[%clk 1:31:09]} Nc6 {[%clk 1:30:56]} 4. f4
{[%clk 1:30:59]} Bg7 {[%clk 1:30:37]} 5. Nf3 {[%clk 1:31:17]} e6 {[%clk 1:30:51]}
6. e5 {[%clk 1:30:47]} d5 {[%clk 1:22:51]} 7. exd6 {[%clk 1:29:00]} a6
{[%clk 1:00:42]} 8. a4 {[%clk 1:27:59]} Nf6 {[%clk 0:57:39]} 9. d3
{[%clk 1:25:35]} Qxd6 {[%clk 0:55:17]} 10. O-O {[%clk 1:24:07]} O-O
{[%clk 0:54:04]} 11. Ne4 {[%clk 1:22:11]} Nxe4 {[%clk 0:51:40]} 12. dxe4
{[%clk 1:22:24]} Rd8 {[%clk 0:48:12]} 13. Qxd6 {[%clk 1:20:35]} Rxd6
{[%clk 0:48:26]} 14. e5 {[%clk 1:20:56]} Rd8 {[%clk 0:48:15]} 15. c3
{[%clk 1:20:00]} b6 {[%clk 0:46:48]} 16. Be3 {[%clk 1:18:33]} Bb7
{[%clk 0:45:34]} 17. Rad1 {[%clk 1:18:00]} Na5 {[%clk 0:32:43]} 18. Be2
{[%clk 1:17:21]} Rxd1 {[%clk 0:29:18]} 19. Rxd1 {[%clk 1:17:39]} Bc6
{[%clk 0:29:21]} 20. b4 {[%clk 1:14:25]} Nb7 {[%clk 0:20:52]} 21. b5
{[%clk 1:04:32]} axb5 {[%clk 0:20:49]} 22. Bxb5 {[%clk 1:02:26]} Bxb5
{[%clk 0:18:42]} 23. axb5 {[%clk 1:02:51]} Rd8 {[%clk 0:16:01]} 24. Rxd8+
{[%clk 1:02:58]} Nxd8 {[%clk 0:16:26]} 25. Nd2 {[%clk 1:03:20]} f6
{[%clk 0:13:59]} 26. Nc4 {[%clk 1:02:51]} fxe5 {[%clk 0:13:53]} 27. fxe5
{[%clk 1:03:04]} Nf7 {[%clk 0:10:58]} 28. Bf4 {[%clk 1:03:14]} g5
{[%clk 0:08:35]} 29. Bg3 {[%clk 1:03:37]} h5 {[%clk 0:08:42]} 30. h3
{[%clk 1:04:02]} Kh7 {[%clk 0:06:10]} 31. Kf2 {[%clk 1:03:32]} Kg6
{[%clk 0:06:17]} 32. Kf3 {[%clk 1:02:39]} Kf5 {[%clk 0:04:51]} 33. Nd6+
{[%clk 1:03:01]} Nxd6 {[%clk 0:05:00]} 34. exd6 {[%clk 1:03:18]} e5
{[%clk 0:05:19]} 35. d7 {[%clk 1:02:27]} Bf6 {[%clk 0:05:33]} 36. c4
{[%clk 1:02:21]} Ke6 {[%clk 0:04:41]} 37. Ke4 {[%clk 1:02:32]} g4
{[%clk 0:02:51]} 38. hxg4 {[%clk 1:02:28]} hxg4 {[%clk 0:03:19]} 39. Bxe5
{[%clk 1:02:18]} Bg5 {[%clk 0:02:02]} 40. Bc7 {[%clk 1:02:07]} Kxd7
{[%clk 0:02:05]} 41. Bxb6 {[%clk 1:02:20]} Kd6 {[%clk 0:02:04]} 42. Kf5
{[%clk 1:01:55]} Be7 {[%clk 0:01:58]} 43. Kxg4 {[%clk 1:02:01]} Ke5
{[%clk 0:02:05]} 44. Bc7+ {[%clk 1:02:17]} Ke6 {[%clk 0:02:06]} 45. Kf4
{[%clk 1:02:12]} Kd7 {[%clk 0:02:11]} 46. Bb6 {[%clk 1:02:34]} Bd6+
{[%clk 0:02:10]} 47. Kf5 {[%clk 1:02:45]} Ke7 {[%clk 0:01:59]} 48. g4
{[%clk 1:03:02]} Kf7 {[%clk 0:02:13]} 49. g5 {[%clk 1:03:09]} Kg7
{[%clk 0:02:07]} 50. Ba7 {[%clk 1:03:14]} Kf7 {[%clk 0:02:06]} 51. b6
{[%clk 1:03:41]} Kg7 {[%clk 0:01:52]} 52. b7 1-0

[Event "2016 Redpath Mining Millionaire Chess Open"]
[Site "Venue: Old Ed’s Sports Complex, Houghton, Johannesburg"]
[Date "2016.07.16"]
[Round "6"]
[Board "21"]
[White "Schmidt, Nadia Esmeralda"]
[Black "Waters, Anre"]
[Result "1/2-1/2"]
[WhiteElo "1394"]
[BlackElo "1537"]
[PlyCount "0"]
[EventDate "2016.07.13"]
[EventRounds "9"]
[EventCountry "RSA"]

1. Nf3 {[%clk 1:30:57]} Nf6 {[%clk 1:30:29]} 2. g3 {[%clk 1:31:15]} g6
{[%clk 1:30:44]} 3. Bg2 {[%clk 1:31:28]} Bg7 {[%clk 1:30:50]} 4. d3
{[%clk 1:31:44]} d6 {[%clk 1:30:36]} 5. O-O {[%clk 1:31:56]} O-O {[%clk 1:30:14]}
6. e4 {[%clk 1:32:02]} c5 {[%clk 1:28:08]} 7. Nbd2 {[%clk 1:31:18]} Nc6
{[%clk 1:27:23]} 8. c3 {[%clk 1:31:11]} Bg4 {[%clk 1:19:50]} 9. Qc2
{[%clk 1:30:48]} Ne5 {[%clk 1:15:02]} 10. h3 {[%clk 1:29:43]} Nxf3+
{[%clk 1:13:32]} 11. Nxf3 {[%clk 1:29:49]} Bxf3 {[%clk 1:12:55]} 12. Bxf3
{[%clk 1:29:57]} Nd7 {[%clk 1:12:48]} 13. Bg2 {[%clk 1:29:07]} Rb8
{[%clk 1:12:31]} 14. Bf4 {[%clk 1:24:30]} b5 {[%clk 1:11:26]} 15. a3
{[%clk 1:22:02]} a5 {[%clk 1:09:26]} 16. Rab1 {[%clk 1:20:24]} b4
{[%clk 1:09:25]} 17. axb4 {[%clk 1:18:48]} axb4 {[%clk 1:09:25]} 18. Bd2
{[%clk 1:16:37]} bxc3 {[%clk 1:06:13]} 19. bxc3 {[%clk 1:15:26]} Qc7
{[%clk 1:04:55]} 20. Rxb8 {[%clk 1:12:14]} Rxb8 {[%clk 1:04:51]} 21. Rb1
{[%clk 1:12:14]} Rxb1+ {[%clk 1:04:18]} 22. Qxb1 {[%clk 1:12:30]} Qa5
{[%clk 1:03:32]} 23. Qc2 {[%clk 1:11:00]} Qa1+ {[%clk 1:03:38]} 24. Kh2
{[%clk 1:10:35]} h6 {[%clk 1:00:04]} 25. Qc1 {[%clk 1:07:30]} Qxc1
{[%clk 1:00:04]} 26. Bxc1 {[%clk 1:07:48]} Bxc3 {[%clk 0:56:39]} 27. Bxh6
{[%clk 1:07:28]} Ne5 {[%clk 0:56:26]} 28. Bf1 {[%clk 1:04:50]} f6
{[%clk 0:55:04]} 29. Bf4 {[%clk 1:03:43]} Nf3+ {[%clk 0:54:40]} 30. Kg2
{[%clk 1:03:20]} Ne1+ {[%clk 0:53:39]} 31. Kg1 {[%clk 1:02:47]} g5
{[%clk 0:52:57]} 32. Bc1 {[%clk 1:01:39]} Kf7 {[%clk 0:53:11]} 33. Be2
{[%clk 1:00:02]} Nc2 {[%clk 0:48:25]} 34. f4 {[%clk 0:57:10]} Bd4+
{[%clk 0:41:08]} 35. Kg2 {[%clk 0:55:27]} Be3 {[%clk 0:37:25]} 36. Bxe3
{[%clk 0:54:08]} Nxe3+ {[%clk 0:37:51]} 37. Kf3 {[%clk 0:52:46]} Nc2
{[%clk 0:38:06]} 38. fxg5 {[%clk 0:51:31]} Nd4+ {[%clk 0:37:44]} 39. Ke3
{[%clk 0:49:41]} fxg5 {[%clk 0:37:50]} 40. Bd1 {[%clk 0:46:49]} Kf6
{[%clk 0:36:59]} 41. h4 {[%clk 0:45:30]} gxh4 {[%clk 0:36:51]} 42. gxh4
{[%clk 0:45:35]} Ne6 {[%clk 0:35:26]} 43. Kf3 {[%clk 0:41:54]} Nf8
{[%clk 0:33:30]} 44. Be2 {[%clk 0:37:27]} Ng6 {[%clk 0:28:11]} 45. h5
{[%clk 0:35:50]} Nf8 {[%clk 0:24:55]} 46. Kg4 {[%clk 0:32:32]} Nh7
{[%clk 0:23:00]} 47. Kf4 {[%clk 0:30:18]} e6 {[%clk 0:20:13]} 48. Bf3
{[%clk 0:27:10]} Ng5 {[%clk 0:17:09]} 49. Bg2 {[%clk 0:26:06]} Nh7
{[%clk 0:17:10]} 50. Bf3 {[%clk 0:25:13]} Ng5 {[%clk 0:17:21]} 51. Bg2
{[%clk 0:24:39]} e5+ {[%clk 0:16:12]} 52. Kg4 {[%clk 0:24:05]} Ne6
{[%clk 0:16:24]} 53. Bf1 {[%clk 0:22:09]} Nf4 {[%clk 0:16:12]} 54. Kh4
{[%clk 0:21:07]} d5 {[%clk 0:15:58]} 55. Kg4 {[%clk 0:18:57]} dxe4
{[%clk 0:14:34]} 56. dxe4 {[%clk 0:19:08]} Ne6 {[%clk 0:10:34]} 57. Bd3
{[%clk 0:17:55]} Ng5 {[%clk 0:10:13]} 58. Kh4 {[%clk 0:17:23]} Nf7
{[%clk 0:10:22]} 59. Kg4 {[%clk 0:17:16]} Nd6 {[%clk 0:10:31]} 60. Kh4
{[%clk 0:17:15]} c4 {[%clk 0:10:56]} 61. Bc2 {[%clk 0:16:42]} c3 {[%clk 0:10:42]}
62. Kg3 {[%clk 0:14:52]} Kg5 {[%clk 0:10:24]} 63. Kf3 {[%clk 0:14:36]} Kxh5
{[%clk 0:10:45]} 64. Ke3 {[%clk 0:14:16]} Nc4+ {[%clk 0:10:19]} 65. Kd3
{[%clk 0:14:19]} Na3 {[%clk 0:09:57]} 66. Kxc3 {[%clk 0:14:21]} Nxc2
{[%clk 0:10:19]} 67. Kxc2 {[%clk 0:14:44]} Kg4 {[%clk 0:10:46]} 68. Kd2
{[%clk 0:14:12]} Kf4 {[%clk 0:11:01]} 69. Ke1 {[%clk 0:14:19]} Kxe4
{[%clk 0:10:43]} 1/2-1/2

[Event "2016 Redpath Mining Millionaire Chess Open"]
[Site "Venue: Old Ed’s Sports Complex, Houghton, Johannesburg"]
[Date "2016.07.16"]
[Round "6"]
[Board "23"]
[White "Odendaal, Ruben Lourens"]
[Black "Vedant, Kumar Saravana"]
[Result "1/2-1/2"]
[WhiteElo "1300"]
[BlackElo "1074"]
[PlyCount "0"]
[EventDate "2016.07.13"]
[EventRounds "9"]
[EventCountry "RSA"]

1. e4 {[%clk 1:30:58]} e5 {[%clk 1:30:51]} 2. d4 {[%clk 1:31:22]} exd4
{[%clk 1:30:05]} 3. c3 {[%clk 1:31:42]} d3 {[%clk 1:29:54]} 4. Bxd3
{[%clk 1:31:56]} Nc6 {[%clk 1:29:42]} 5. Nf3 {[%clk 1:31:57]} d6 {[%clk 1:29:54]}
6. O-O {[%clk 1:32:08]} Bg4 {[%clk 1:28:40]} 7. Bf4 {[%clk 1:28:53]} Qf6
{[%clk 1:27:34]} 8. Bg3 {[%clk 1:22:13]} Bxf3 {[%clk 1:26:18]} 9. Qxf3
{[%clk 1:22:12]} Qxf3 {[%clk 1:26:13]} 10. gxf3 Ne5 {[%clk 1:26:27]} 11. Bxe5
{[%clk 1:22:42]} dxe5 {[%clk 1:26:52]} 12. c4 {[%clk 1:20:25]} Nf6
{[%clk 1:27:01]} 13. Nc3 {[%clk 1:20:01]} c6 {[%clk 1:25:43]} 14. Ne2
{[%clk 1:18:36]} Bc5 {[%clk 1:24:52]} 15. f4 {[%clk 1:18:49]} exf4
{[%clk 1:16:23]} 16. Nxf4 {[%clk 1:18:09]} Bd6 {[%clk 1:15:37]} 17. Ng2
{[%clk 1:15:54]} Rd8 {[%clk 1:15:53]} 18. Bc2 {[%clk 1:14:59]} O-O
{[%clk 1:14:15]} 19. Kh1 {[%clk 1:11:25]} Rfe8 {[%clk 1:12:09]} 20. f3
{[%clk 1:10:22]} Bc7 {[%clk 1:08:19]} 21. Rad1 {[%clk 1:10:18]} Nh5
{[%clk 1:02:28]} 22. Rxd8 {[%clk 1:10:12]} Rxd8 {[%clk 1:02:08]} 23. Rd1
{[%clk 1:10:35]} Rxd1+ {[%clk 1:02:18]} 24. Bxd1 {[%clk 1:11:03]} Nf4
{[%clk 1:02:39]} 25. Nxf4 {[%clk 1:01:45]} Bxf4 {[%clk 1:03:02]} 26. Kg2
{[%clk 1:01:59]} Kf8 {[%clk 1:03:07]} 27. Kh3 {[%clk 1:02:03]} Ke7
{[%clk 1:03:17]} 28. Kg4 {[%clk 1:02:21]} Bxh2 {[%clk 1:02:13]} 29. f4 1/2-1/2

[Event "2016 Redpath Mining Millionaire Chess Open"]
[Site "Venue: Old Ed’s Sports Complex, Houghton, Johannesburg"]
[Date "2016.07.16"]
[Round "7"]
[Board "1"]
[White "Jere, Daniel"]
[Black "Makoto, Rodwell"]
[Result "1/2-1/2"]
[WhiteElo "2368"]
[BlackElo "2406"]
[PlyCount "0"]
[EventDate "2016.07.13"]
[EventRounds "9"]
[EventCountry "RSA"]

1. c4 {[%clk 1:27:34]} Nf6 {[%clk 1:30:54]} 2. g3 {[%clk 1:27:58]} c6
{[%clk 1:31:20]} 3. Bg2 {[%clk 1:28:23]} d5 {[%clk 1:31:43]} 4. Nf3
{[%clk 1:28:49]} Bg4 {[%clk 1:32:00]} 5. Ne5 {[%clk 1:28:54]} Bf5
{[%clk 1:32:14]} 6. cxd5 {[%clk 1:28:43]} cxd5 {[%clk 1:31:53]} 7. Nc3
{[%clk 1:28:52]} Nbd7 {[%clk 1:29:34]} 8. Qa4 {[%clk 1:27:56]} Be6
{[%clk 1:18:16]} 9. d4 {[%clk 1:26:52]} g6 {[%clk 1:17:59]} 10. Bg5
{[%clk 1:26:42]} Bg7 {[%clk 1:00:30]} 11. Bxf6 {[%clk 1:25:54]} Bxf6
{[%clk 1:00:59]} 12. Bxd5 {[%clk 1:21:55]} Bxd5 {[%clk 0:59:03]} 13. Nxd5
{[%clk 1:22:07]} Bxe5 {[%clk 0:58:59]} 14. dxe5 {[%clk 1:22:12]} O-O
{[%clk 0:58:03]} 15. Rd1 {[%clk 1:10:07]} Nb6 {[%clk 0:58:20]} 16. Qb3
{[%clk 1:10:23]} Nxd5 {[%clk 0:58:06]} 17. Rxd5 {[%clk 1:10:40]} Qc7
{[%clk 0:57:44]} 18. O-O {[%clk 1:10:50]} e6 {[%clk 0:55:03]} 19. Rd6
{[%clk 1:10:47]} Qc5 {[%clk 0:55:17]} 20. Qc3 {[%clk 1:03:10]} Qxc3
{[%clk 0:52:39]} 21. bxc3 {[%clk 1:03:36]} Rfc8 {[%clk 0:52:29]} 22. Rb1
{[%clk 1:03:10]} Rxc3 {[%clk 0:47:28]} 23. Rxb7 {[%clk 1:02:36]} Rc2
{[%clk 0:47:48]} 24. Rdd7 {[%clk 1:02:50]} Rf8 {[%clk 0:48:12]} 25. Kf1
{[%clk 1:02:38]} Rxa2 {[%clk 0:44:45]} 26. Rxa7 {[%clk 1:02:58]} Rxa7
{[%clk 0:44:52]} 27. Rxa7 {[%clk 1:03:23]} Rb8 {[%clk 0:45:01]} 28. f4
{[%clk 1:03:28]} h5 {[%clk 0:44:51]} 29. Kf2 {[%clk 1:03:38]} Rb3
{[%clk 0:45:04]} 30. Rd7 {[%clk 1:03:12]} Kg7 {[%clk 0:45:22]} 31. Rd3
{[%clk 1:03:09]} Rb4 {[%clk 0:45:18]} 32. Kf3 {[%clk 1:03:22]} Ra4
{[%clk 0:45:01]} 33. Re3 {[%clk 1:01:37]} Rb4 {[%clk 0:45:11]} 34. Rd3
{[%clk 0:55:20]} Ra4 {[%clk 0:45:27]} 35. h3 {[%clk 0:54:19]} Rb4
{[%clk 0:45:10]} 36. g4 {[%clk 0:54:09]} hxg4+ {[%clk 0:45:30]} 37. hxg4
{[%clk 0:54:35]} Ra4 {[%clk 0:45:34]} 38. Rd7 {[%clk 0:54:16]} Ra5
{[%clk 0:44:48]} 39. e3 {[%clk 0:54:27]} Rb5 {[%clk 0:44:51]} 40. Ke4
{[%clk 0:54:10]} Rb4+ {[%clk 0:44:53]} 41. Kd3 {[%clk 0:53:50]} Kf8
{[%clk 0:43:58]} 42. Rc7 {[%clk 0:52:58]} Ra4 {[%clk 0:43:59]} 43. e4
{[%clk 0:51:28]} Ra3+ {[%clk 0:42:33]} 44. Rc3 {[%clk 0:51:08]} Ra5
{[%clk 0:38:32]} 45. Kd4 {[%clk 0:51:02]} Ke7 {[%clk 0:38:12]} 46. Rc7+
{[%clk 0:50:30]} Kf8 {[%clk 0:38:41]} 47. f5 {[%clk 0:50:43]} gxf5
{[%clk 0:38:53]} 48. exf5 {[%clk 0:50:31]} exf5 {[%clk 0:39:18]} 49. gxf5
{[%clk 0:51:00]} f6 {[%clk 0:39:41]} 50. Rc8+ {[%clk 0:46:58]} Ke7
{[%clk 0:40:03]} 51. Rc5 {[%clk 0:46:51]} fxe5+ {[%clk 0:39:40]} 52. Rxe5+
{[%clk 0:47:15]} Rxe5 {[%clk 0:39:54]} 53. Kxe5 {[%clk 0:47:29]} Kf7
{[%clk 0:40:21]} 54. f6 {[%clk 0:47:49]} Kf8 {[%clk 0:40:44]} 55. Kf4
{[%clk 0:48:07]} Kf7 {[%clk 0:40:46]} 56. Kf5 {[%clk 0:48:29]} Kf8
{[%clk 0:41:01]} 57. Kg6 {[%clk 0:48:52]} Kg8 {[%clk 0:41:21]} 58. f7+
{[%clk 0:49:17]} Kf8 {[%clk 0:41:45]} 59. Kf6 {[%clk 0:49:42]} Ke8 1/2-1/2

[Event "2016 Redpath Mining Millionaire Chess Open"]
[Site "Venue: Old Ed’s Sports Complex, Houghton, Johannesburg"]
[Date "2016.07.16"]
[Round "7"]
[Board "3"]
[White "Oatlhotse, Providence"]
[Black "Xulu, Lindokuhle"]
[Result "1/2-1/2"]
[WhiteElo "2250"]
[BlackElo "1775"]
[PlyCount "0"]
[EventDate "2016.07.13"]
[EventRounds "9"]
[EventCountry "RSA"]

1. d4 d5 2. Nf3 Nf6 3. c4 c6 {[%clk 1:21:58]} 4. e3 {[%clk 1:31:45]} Bf5
{[%clk 1:22:07]} 5. Nc3 {[%clk 1:31:52]} e6 {[%clk 1:22:26]} 6. Nh4
{[%clk 1:31:58]} Bg4 {[%clk 1:20:15]} 7. Qb3 {[%clk 1:32:15]} Qb6
{[%clk 1:17:57]} 8. h3 {[%clk 1:32:28]} Bh5 {[%clk 1:18:17]} 9. g4
{[%clk 1:32:08]} Bg6 {[%clk 1:18:37]} 10. Nxg6 {[%clk 1:32:34]} Qxb3
{[%clk 1:18:09]} 11. axb3 {[%clk 1:32:50]} hxg6 {[%clk 1:18:33]} 12. Bg2
{[%clk 1:32:09]} Nbd7 {[%clk 1:16:36]} 13. Bd2 {[%clk 1:31:29]} Bd6
{[%clk 1:13:55]} 14. Ke2 {[%clk 1:29:00]} O-O {[%clk 1:08:55]} 15. f4
{[%clk 1:24:57]} Rfc8 {[%clk 1:06:45]} 16. c5 {[%clk 1:24:17]} Bc7
{[%clk 1:06:51]} 17. b4 {[%clk 1:24:20]} a6 {[%clk 1:05:53]} 18. Bf3
{[%clk 1:24:32]} Kf8 {[%clk 1:06:04]} 19. h4 {[%clk 1:24:12]} Ke7
{[%clk 1:06:17]} 20. h5 {[%clk 1:24:19]} gxh5 {[%clk 1:03:22]} 21. g5
{[%clk 1:22:59]} Ne8 {[%clk 1:01:12]} 22. Rxh5 {[%clk 1:22:36]} g6
{[%clk 1:00:45]} 23. Rh7 {[%clk 1:20:18]} Nf8 {[%clk 0:59:02]} 24. Rh3
{[%clk 1:19:10]} Ng7 {[%clk 0:59:21]} 25. Nd1 {[%clk 1:17:33]} Nf5
{[%clk 0:57:00]} 26. Nf2 {[%clk 1:16:20]} Nd7 {[%clk 0:57:06]} 27. Bg4
{[%clk 1:04:31]} Rh8 {[%clk 0:54:44]} 28. Bxf5 {[%clk 1:02:07]} exf5
{[%clk 0:54:22]} 29. Rah1 {[%clk 1:02:04]} Rxh3 {[%clk 0:52:52]} 30. Rxh3
{[%clk 0:54:03]} Nf8 {[%clk 0:52:21]} 31. Rh8 {[%clk 0:51:45]} Rb8
{[%clk 0:52:37]} 32. Nd3 {[%clk 0:50:54]} Ne6 {[%clk 0:52:24]} 33. Rh7
{[%clk 0:50:18]} Nf8 {[%clk 0:52:32]} 34. Rh1 {[%clk 0:49:15]} Ne6
{[%clk 0:52:55]} 35. Nc1 {[%clk 0:46:31]} Ng7 {[%clk 0:49:58]} 36. Nb3
{[%clk 0:45:59]} Nh5 {[%clk 0:49:45]} 37. Be1 {[%clk 0:43:43]} Re8
{[%clk 0:49:47]} 38. Kf3 {[%clk 0:42:59]} Kd7 {[%clk 0:49:37]} 39. Bf2
{[%clk 0:41:22]} Ke7 {[%clk 0:49:26]} 40. Ke4 1/2-1/2

[Event "2016 Redpath Mining Millionaire Chess Open"]
[Site "Venue: Old Ed’s Sports Complex, Houghton, Johannesburg"]
[Date "2016.07.16"]
[Round "7"]
[Board "4"]
[White "Salimu, Reuben"]
[Black "Van Rensburg, Ryan Pierre"]
[Result "0-1"]
[WhiteElo "1949"]
[BlackElo "2220"]
[PlyCount "0"]
[EventDate "2016.07.13"]
[EventRounds "9"]
[EventCountry "RSA"]

1. Nf3 {[%clk 1:30:37]} Nf6 {[%clk 1:29:42]} 2. d4 {[%clk 1:30:31]} e6
{[%clk 1:30:00]} 3. g3 {[%clk 1:30:48]} b6 {[%clk 1:29:58]} 4. Bg2
{[%clk 1:30:50]} Bb7 {[%clk 1:30:26]} 5. O-O {[%clk 1:31:08]} c5 {[%clk 1:30:39]}
6. c4 {[%clk 1:30:01]} Be7 {[%clk 1:20:49]} 7. d5 {[%clk 1:25:32]} exd5
{[%clk 1:13:47]} 8. Nh4 {[%clk 1:25:33]} O-O {[%clk 1:08:29]} 9. Nf5
{[%clk 1:23:28]} Re8 {[%clk 1:07:31]} 10. cxd5 {[%clk 1:23:43]} Bf8
{[%clk 1:05:00]} 11. Nc3 {[%clk 1:23:47]} g6 {[%clk 0:59:25]} 12. Nh6+
{[%clk 1:23:19]} Kg7 {[%clk 0:59:55]} 13. Bg5 {[%clk 1:22:22]} d6
{[%clk 1:00:04]} 14. e4 {[%clk 1:14:13]} Be7 {[%clk 0:58:33]} 15. e5
{[%clk 0:55:45]} dxe5 {[%clk 0:37:20]} 16. d6 {[%clk 0:44:53]} Bxg2
{[%clk 0:36:41]} 17. Kxg2 {[%clk 0:44:57]} Qxd6 {[%clk 0:33:49]} 18. Qf3
{[%clk 0:44:54]} Nc6 {[%clk 0:30:57]} 19. Nb5 {[%clk 0:42:21]} Qd7
{[%clk 0:29:24]} 20. Bxf6+ {[%clk 0:40:33]} Bxf6 {[%clk 0:29:33]} 21. Ng4
{[%clk 0:40:55]} Re6 {[%clk 0:28:58]} 22. Rad1 {[%clk 0:41:11]} Qe7
{[%clk 0:28:58]} 23. Nc3 {[%clk 0:40:09]} e4 {[%clk 0:22:12]} 24. Nxe4
{[%clk 0:39:12]} Bxb2 {[%clk 0:22:40]} 25. Nc3 {[%clk 0:37:53]} Bxc3
{[%clk 0:22:28]} 26. Qxc3+ {[%clk 0:38:19]} Nd4 {[%clk 0:22:33]} 27. Rxd4
{[%clk 0:38:41]} cxd4 {[%clk 0:22:59]} 28. Qxd4+ {[%clk 0:38:59]} f6
{[%clk 0:23:08]} 29. Rc1 {[%clk 0:39:09]} Rd8 {[%clk 0:17:52]} 30. Qf4
{[%clk 0:39:02]} Red6 {[%clk 0:17:11]} 31. Qh6+ {[%clk 0:35:27]} Kg8
{[%clk 0:17:24]} 32. Rc3 {[%clk 0:35:09]} Qe4+ {[%clk 0:17:01]} 33. f3
{[%clk 0:35:36]} Qe2+ {[%clk 0:17:08]} 34. Nf2 {[%clk 0:35:10]} Rd2
{[%clk 0:17:22]} 35. Qe3 {[%clk 0:35:29]} Re8 {[%clk 0:16:50]} 0-1